Myth: a symposium. (Record no. 1804)
[ view plain ]
| 000 -LEADER | |
|---|---|
| fixed length control field | 01137nac a22002171u 4500 |
| 010 ## - LIBRARY OF CONGRESS CONTROL NUMBER | |
| LC control number | 65029803 |
| 082 00 - DEWEY DECIMAL CLASSIFICATION NUMBER | |
| Classification number | 291.13 |
| Item number | S4435 |
| 090 ## - LOCALLY ASSIGNED LC-TYPE CALL NUMBER (OCLC); LOCAL CALL NUMBER (OCLC) | |
| -- | 1804 |
| -- | 1804 |
| 100 ## - MAIN ENTRY--PERSONAL NAME | |
| Personal name | Sebeok, Thomas A. |
| 245 10 - TITLE STATEMENT | |
| Title | Myth: a symposium. |
| Statement of responsibility, etc | Edited by Thomas A. Sebeok. |
| 260 ## - PUBLICATION, DISTRIBUTION, ETC. (IMPRINT) | |
| Place of publication, distribution, etc | Bloomington, |
| Name of publisher, distributor, etc | Indiana University Press |
| Date of publication, distribution, etc | [1965] |
| 300 ## - PHYSICAL DESCRIPTION | |
| Extent | 180 p. |
| Other physical details | illus. |
| Dimensions | 21 cm. |
| 490 0# - Series Statement | |
| Series statement | A Midland book, MB83 |
| 500 ## - GENERAL NOTE | |
| General note | Includes bibliographies. |
| 500 ## - GENERAL NOTE | |
| General note | Donations |
| 500 ## - GENERAL NOTE | |
| General note | Donations - Dr. Mostafa Gouda |
| 505 0# - FORMATTED CONTENTS NOTE | |
| Formatted contents note | Myth, symbolism, and truth, by D. Bidney.--The eclipse of solar mythology, by R.M. Dorson.--Myth, metaphor, and simile, by R. Th. Christiansen.--The structural study of myth, by C. LeÌ?vi-Strauss.--The personal use of myth in dreams, by D. Eggan.--Myth and ritual, by Lord Ragian.--The ritual view of myth and the mythic, by S. E. Hyman.-The semantic approach to myth, by P. Wheelwright.--Myth and folktales, by S. Thompson. |
| 650 #0 - SUBJECT ADDED ENTRY--TOPICAL TERM | |
| Topical term or geographic name as entry element | Mythology. |
| 942 ## - ADDED ENTRY ELEMENTS (KOHA) | |
| Item type | Book - Borrowing |
| Call number prefix | 291.13S4435 |
| Withdrawn status | Item status | Damaged status | Not for loan | Home library | Current library | Shelving location | Date acquired | Source of acquisition | Total Checkouts | Full call number | Barcode | Date last seen | Koha item type |
|---|---|---|---|---|---|---|---|---|---|---|---|---|---|
| Central Library | Central Library | Lower Floor | 06/12/2014 | Purchase | 291.13 SEB | 000002513 | 15/07/2025 | Book - Borrowing |